| 000 | 00887nam a2200253 a 4500 | ||
|---|---|---|---|
| 001 | 68386 | ||
| 003 | BD-RjUL | ||
| 005 | 20211209081749.0 | ||
| 008 | 000818s2000 ii a b 100 0 eng | ||
| 020 | _a8170352304 | ||
| 035 | _aBD-RjUL)68596 | ||
| 040 |
_aDLC _cDLC _dDLC _dBD-RjUL _beng |
||
| 041 | _aeng | ||
| 082 | 0 | 0 |
_223 _a590 _bTEN 2000 |
| 245 | 1 | 0 |
_a10th All India Congress of Zoology, 14th-18th October, 1998 : _badvances in zoology, environmental degradation, and biodiversity / _cedited by B.N. Pandey & B.K. Singh. |
| 260 |
_aDelhi : _bDaya Pub. House, _c2000. |
||
| 300 |
_axvii, 291 p. : _bill. ; _c26 cm. |
||
| 504 | _aIncludes bibliographical references. | ||
| 520 | _aAlso includes proceedings of another national symposium. | ||
| 650 | 0 |
_aZoology _vCongresses. _9202745 |
|
| 700 | 1 |
_aPandey, B. N., _d1946- _9202746 |
|
| 700 | 1 |
_aSingh, B. K. _9202747 |
|
| 942 |
_2ddc _cBK |
||
| 999 |
_c68386 _d68386 |
||